subdisctric (kecamatan) in Special Region of Yogyakarta - Statistics

General Stats
  • This quiz has been taken 70 times
  • The average score is 27 of 78
Answer Stats
Hint Answer % Correct
m mlati
73%
w wates
73%
b banguntapan
65%
d depok
65%
g godean
62%
s sleman
62%
w wonosari
62%
b bantul
58%
k kasihan
58%
b bambanglipuro
54%
i imogiri
54%
p prambanan
54%
c cangkringan
50%
j jetis
50%
j jetis
50%
k kalasan
50%
t turi
50%
b berbah
46%
g gamping
46%
m moyudan
46%
p pakem
46%
s sedayu
46%
s sentolo
46%
t tempel
46%
k kalibawang
42%
k kraton
42%
m minggir
42%
n ngaglik
42%
s sewon
42%
t temon
42%
n nanggulan
38%
p patuk
38%
s samigaluh
38%
s srandakan
38%
g girimulyo
35%
l lendah
35%
n ngemplak
35%
s seyegan
35%
g galur
31%
k kotagede
31%
k kretek
31%
p pakualaman
31%
u umbulharjo
31%
d dlingo
27%
g gondomanan
27%
k kokap
27%
p piyungan
27%
w wirobrajan
27%
d danurejan
23%
g gedongtengen
23%
g gondokusuman
23%
m mantrijeron
23%
n ngawen
23%
p pandak
23%
p panggang
23%
p panjatan
23%
p playen
23%
p pundong
23%
g girisubo
19%
k karangmojo
19%
n nglipar
19%
p pengasih
19%
p pleret
19%
p ponjong
19%
p purwosari
19%
r rongkop
19%
s sanden
19%
s semin
19%
t tanjungsari
19%
t tepus
19%
g gedangsari
15%
m mergangsan
15%
p pajangan
15%
p paliyan
15%
s saptosari
15%
t tegalrejo
15%
n ngampilan
12%
s semanu
12%
No matching quizzes found
Score Distribution
Percent of People with Each Score
Percentile by Number Answered
Your Score History
You have not taken this quiz